000 00799cam a22002773a 4500
001 8873
003 PGUSA
005 20140828083205.0
008 050901s2005||||xxu|||||s|||||000 1 eng d
040 _aPGUSA
_beng
042 _adc
050 4 _aPR
100 1 _aMerriman, Henry Seton,
_d1862-1903
245 1 4 _aThe Isle of Unrest
_h[electronic resource] /
_cHenry Seton Merriman
260 _bProject Gutenberg,
_c2005
506 _aPublic domain in the USA.
516 _aElectronic text
653 _aFrance -- Fiction
653 _aLove stories
653 _aCorsica (France) -- Fiction
653 _aVendetta -- Fiction
653 _aFranco-Prussian War, 1870-1871 -- Fiction
830 0 _aProject Gutenberg
_v8873
856 4 0 _uhttp://www.gutenberg.org/ebooks/8873
942 _cEB
999 _c238157
_d238157